| 000 | 00673nam a2200205 a 4500 | ||
|---|---|---|---|
| 005 | 20220623154106.0 | ||
| 008 | 010904s2000 r 000 0 eng d | ||
| 020 | _a9508920939 | ||
| 035 | _aUPN01000110944 | ||
| 049 | _aCG | ||
| 050 | 4 |
_aLB1607.53 A7 _bD5.4 |
|
| 100 | 1 | _aDi Natal, Gabriela | |
| 245 | 1 | 0 |
_aEducación vs. y/o = decadencia : _bconsideraciones acerca de la apropiación del saber en la escuela / _cGabriela Di Natal, Alejandra Pataro. |
| 260 |
_aBuenos Aires : _bLugar, _cc2000. |
||
| 300 | _a127 p. | ||
| 440 | 0 | _aReflexiones y propuestas | |
| 650 | 4 |
_aEducación secundaria _zArgentina _912043 |
|
| 700 | 1 |
_aPataro, Alejandra, _ecoaut. |
|
| 905 | _aLibro | ||
| 999 |
_c84853 _d84853 |
||